EU going all-out for sustainable commodity production (Record no. 58876)
[ view plain ]
| 000 -LEADER | |
|---|---|
| fixed length control field | 00550nam a2200133Ia 4500 |
| 100 ## - MAIN ENTRY--AUTHOR NAME | |
| Personal name | Brend Klaus |
| 245 #0 - TITLE STATEMENT | |
| Title | EU going all-out for sustainable commodity production |
| 260 ## - PUBLICATION, DISTRIBUTION, ETC. (IMPRINT) | |
| Name of publisher | Rubber Asia |
| Year of publication | 2013 |
| 300 ## - PHYSICAL DESCRIPTION | |
| Number of Pages | 110-112 |
| 520 ## - SUMMARY, ETC. | |
| Summary, etc | The EU, that has formulated the Global Charter on Sustainable Rubber(GCSNR), is making all possible efforts for the successful implementation of the project by holding cunsultationa with all stakeholders and governments |
| 650 ## - SUBJECT ADDED ENTRY--TOPICAL TERM | |
| Topical Term | Natural rubber |
| 942 ## - ADDED ENTRY ELEMENTS (KOHA) | |
| Koha item type | Journals |
| Withdrawn status | Lost status | Damaged status | Not for loan | Home library | Current library | Date acquired | Serial Enumeration / chronology | Koha item type |
|---|---|---|---|---|---|---|---|---|
| Journals | RRII Library | RRII Library | 21/03/2014 | Volume 28, Issue 6 | Journals |